Recull dels plans d'emergència
Publicado:
Barcelona :
Diputació de Barcelona. Servei de Logística. Secció de Seguretat. Unitat Tècnica de Seguretat ,
2002
Descripción Física:
il., taules ; 30 cm
MARC
| LEADER | 00000nam a2200000Ia 4500 | ||
|---|---|---|---|
| 001 | 22625 | ||
| 003 | BGR | ||
| 005 | 20260324180036.0 | ||
| 008 | 160829s2002 xx 000 0 cat d | ||
| 080 | |a C-3-295 | ||
| 245 | |a Recull dels plans d'emergència | ||
| 260 | |a Barcelona : |b Diputació de Barcelona. Servei de Logística. Secció de Seguretat. Unitat Tècnica de Seguretat, |c 2002 | ||
| 300 | |a il., taules ; |c 30 cm | ||
| 610 | 1 | 0 | |a Barcelona (Catalunya : Província). |b Diputació |x Edificis |9 54574 |
| 650 | 0 | |a Barcelona (Catalunya : Província). Diputació |x Mesures de seguretat |9 44593 | |
| 710 | 1 | |a Barcelona (Catalunya : Província). |b Diputació |b Servei de Logística. Unitat Tècnica de Seguretat |9 52408 | |
| 901 | |a Arxiu | ||
| 942 | |n 1 |2 udc |c MON | ||
| 952 | |0 0 |1 0 |4 0 |6 C3295 |7 1 |9 52025 |a Arxiu |b Arxiu |d 2016-12-01 |l 0 |o C-3-295 |p 22625 |r 2016-12-01 00:00:00 |w 2016-12-01 |y ARXIU | ||
| 999 | |c 55873 |d 55873 | ||